| 000 | 00567nam a22001697a 4500 | ||
|---|---|---|---|
| 020 | _qHard Cover. | ||
| 082 | _a621.3 | ||
| 100 | _aMuhammad Farrukh Anwaar | ||
| 245 |
_aANALYSIS OF MPLS TRAFFIC ENGINEERING OVER IPv6 / _cAnwaar Muhammad Farrukh. |
||
| 260 |
_aPNECE - NUST, _b2014. |
||
| 300 |
_a104 p. : ill. ; _c30cm. |
||
| 650 |
_aMS-Electrical Engineering _923567 |
||
| 700 |
_aSupervisor. Sameer Qazi. _9127279 |
||
| 856 | _uhttp://10.250.8.41:8080/xmlui/handle/123456789/41538 | ||
| 942 |
_2ddc _cSC |
||
| 999 |
_c535480 _d535480 |
||